|
|
|
|
| LEADER |
01502nam a2200373 a 4500 |
| 001 |
30311 |
| 003 |
BD-DhAAL |
| 005 |
20151202094910.0 |
| 008 |
151202r20091998enkb b 001 0 eng |
| 010 |
|
|
|a 97039728
|
| 020 |
|
|
|a 0521622174 (hb.)
|
| 020 |
|
|
|a 0521627249 (pbk.)
|
| 020 |
|
|
|a 9780521622172 hardback
|
| 020 |
|
|
|a 9780521627245 paperback
|
| 040 |
|
|
|a DLC
|c DLC
|d DLC
|d BD-DhAAL
|
| 050 |
0 |
0 |
|a DT31
|b .T516 1998
|
| 082 |
0 |
0 |
|a 303.482604
|2 21
|
| 100 |
1 |
|
|a Thornton, John K.
|q (John Kelly),
|d 1949-
|9 16612
|
| 245 |
1 |
0 |
|a Africa and Africans in the making of the Atlantic world, 1400-1800 /
|c John Thornton.
|
| 250 |
|
|
|a 2nd ed.
|
| 260 |
|
|
|a Cambridge ;
|a New York :
|b Cambridge University Press,
|c 1998 [15th printing 2009]
|
| 300 |
|
|
|a xxxvi, 340 p. :
|b maps ;
|c 24 cm.
|
| 504 |
|
|
|a Includes bibliographical references and index.
|
| 541 |
|
|
|e 30311
|
| 650 |
|
0 |
|a Slavery.
|9 16613
|
| 651 |
|
0 |
|a Africa
|x Relations
|z Europe.
|9 16614
|
| 651 |
|
0 |
|a Europe
|x Relations
|z Africa.
|9 16615
|
| 651 |
|
0 |
|a Africa
|x Relations
|z America.
|9 16616
|
| 651 |
|
0 |
|a America
|x Relations
|z Africa.
|9 16617
|
| 651 |
|
0 |
|a Europe
|x History
|y 1492-1648.
|9 16618
|
| 700 |
1 |
|
|a Thornton, John K.
|q (John Kelly),
|d 1949-
|t Africa and Africans in the making of the Atlantic world, 1400-1680.
|9 16619
|
| 942 |
|
|
|2 ddc
|c BK
|
| 999 |
|
|
|c 36345
|d 36345
|
| 952 |
|
|
|0 0
|1 0
|2 ddc
|4 0
|6 303_482604000000000_THO
|7 0
|9 57156
|a BRACUL
|b BRACUL
|c GEN
|d 2015-12-02
|e Karim International
|g 2780.00
|l 0
|o 303.482604 THO
|p 3010030311
|r 2015-12-02
|t 1
|w 2015-12-02
|y BK
|